| 000 | 00981nam a2200265 i 4500 | ||
|---|---|---|---|
| 001 | bg | ||
| 100 | 1 | _aSmoktunowicz, Eugeniusz. | |
| 245 | 1 | 0 |
_aPostępowanie administracyjne, podatkowe i administracyjnosądowe : _bteksty aktów normatywnych, orzecznictwo Naczelnego Sądu Administracyjnego, Sądu Najwyższego i Trybunału Konstytucyjnego, objaśnienia, piśmiennictwo, indeks rzeczowy / _cEugeniusz Smoktunowicz, Dariusz Kijowski, Jerzy Mieszkowski. |
| 260 |
_aBiałystok : _bPrawo i Praktyka Gospodarcza, _ccop. 1998. |
||
| 300 |
_a855, [1] s. ; _c24 cm. |
||
| 504 | _aBibliogr. s. 817-839. Indeks | ||
| 650 | 9 |
_aPodatek _zPolska |
|
| 650 | 9 |
_aPostępowanie administracyjne _zPolska |
|
| 700 | 1 | _aKijowski, Dariusz. | |
| 700 | 1 | _aMieszkowski, Jerzy. | |
| 020 | _a8387611026 | ||
| 040 | _cBPK | ||
| 041 | 0 | _apol | |
| 044 | _aPOL | ||
| 080 | _a351.077.3 | ||
| 080 | _a(094) | ||
| 920 | _a83-87611-02-6 | ||
| 942 | _cKS | ||
| 008 | 130116s pl a f |000 0 pol | ||
| 999 |
_c53836 _d53836 |
||
| 856 |
_uhttp://koha.tu.koszalin.pl/cgi-bin/koha/opac-detail.pl?biblionumber=53836 _yKatalog online BPK |
||